Vincitori Trofeo Bravo - Statistics

Statistiche generali
  • Questo quiz è stato fatto 8 volte
  • Il punteggio medio è 17 su 38
Statistiche sulle risposte
Edizione Nazione Squadra Calciatore % Corretto
2004 Portogallo Manchester United Cristiano Ronaldo
100%
2015 Italia Sassuolo Domenico Berardi
100%
2007 Argentina Barcellona Lionel Messi
100%
2014 Francia Juventus Paul Pogba
100%
1997 Brasile Barcellona Ronaldo
100%
1998 Brasile Inter Ronaldo
100%
2012 Italia Pescara Marco Verratti
88%
1996 Italia Juventus Alessandro Del Piero
75%
1999 Italia Parma Gianluigi Buffon
75%
1980 Germania Ovest Stoccarda Hansi Müller
75%
2010 Germania Bayern Monaco Thomas Müller
75%
2005 Paesi Bassi Chelsea Arjen Robben
63%
2006 Spagna Arsenal Cesc Fàbregas
63%
2011 Belgio Lille Eden Hazard
63%
2013 Spagna Malaga Isco
63%
2008 Francia Olympique Lione Karim Benzema
63%
1993 Galles Manchester United Ryan Giggs
63%
1987 Paesi Bassi Ajax Marco van Basten
50%
1989 Italia Milan Paolo Maldini
50%
1990 Italia Fiorentina Roberto Baggio
50%
2000 Spagna Real Madrid Iker Casillas
38%
2009 Spagna Barcellona Sergio Busquets
38%
2003 Inghilterra BEverton Wayne Rooney
38%
1983 San Marino Juventus Massimo Bonini
25%
2001 Inghilterra Bayern Monaco Owen Hargreaves
25%
1995 Paesi Bassi Ajax Patrick Kluivert
25%
1985 Spagna eal Madrid Emilio Butragueño
13%
1986 Spagna Real Madrid Emilio Butragueño
13%
1992 Spagna Barcellona Josep Guardiola
13%
1994 Italia Milan Christian Panucci
0%
2002 Germania Borussia Dortmund Christoph Metzelder
0%
1988 Israele Mechelen Eli Ohana
0%
1979 Inghilterra Nottingham Forest Garry Birtles
0%
1982 Inghilterra Aston Villa Gary Shaw
0%
1978 Inghilterra Liverpool Jimmy Case
0%
1981 Scozia Ipswich Town John Wark
0%
1991 Jugoslavia Stella Rossa Belgrado Robert Prosinečki
0%
1984 Italia Roma Ubaldo Righetti
0%
Nessun quiz corrispondente trovato
Distribuzione punteggi
Percentuale di utenti per punteggio
Percentile per numero di risposta
I tuoi punteggi nel tempo
Non hai fatto questo quiz